000 00470nam a2200181Ia 4500
001 21410
005 20260306172917.0
008 260306t2010||||xx |||||||||||||| ||spa||
041 _aESP
082 _a344.83
_bT41
100 _aTerradillos Basoco, Juan Manuel
_eAUT
245 0 _aCuestiones actuales de derecho penal económico y la empresa
260 _c2010
300 _a197 páginas :
_c24 cm.
650 _aGEN
654 _aCDE
942 _cLIB
_dJUS
_fJUS
_2ddc
_n
999 _c21410
_d21410